[Event "22e tournoi d'automne"]
[Site "Montigny le Bretonneux"]
[Date "2024.10.24"]
[Round "6.11"]
[White "Fayolle, Guy"]
[Black "Meddour, Ithri"]
[Result "1-0"]
[WhiteElo "1733"]
[BlackElo "1531"]
[Annotator "Rivier,Sylvain"]
[PlyCount "55"]
[EventDate "2024.??.??"]
[WhiteTeam "Saint-Quentin en Yvelines"]
[BlackTeam "Saint-Quentin en Yvelines"]

{Défense française, variante Tarrasch fermée} 1. e4 e6 2. d4 d5 3. Nd2 c5 4.
c3 Nf6 5. e5 Nfd7 6. Ngf3 Nc6 7. Be2 Be7 8. O-O Qb6 9. Nb3 cxd4 10. cxd4 a6 11.
h3 Qc7 12. Be3 b5 13. Rb1 Bb7 14. Nh2 f5 15. exf6 Nxf6 16. Ng4 Qb6 17. Nc5 Bxc5
18. Nxf6+ gxf6 19. Bh5+ Kd7 20. dxc5 Qd8 21. f4 Kc7 22. Bf3 Qd7 23. f5 Rad8 24.
fxe6 Qxe6 25. Bf4+ Ne5 26. Qc2 Bc6 27. Rfe1 Rhg8 28. Qxh7+ 1-0

[Event "22e tournoi d'automne"]
[Site "Montigny le Bretonneux"]
[Date "2024.10.24"]
[Round "6.12"]
[White "Warin, Anouk"]
[Black "Benhadid, Jazzmine"]
[Result "0-1"]
[WhiteElo "1497"]
[BlackElo "1723"]
[Annotator "Rivier,Sylvain"]
[PlyCount "144"]
[EventDate "2024.??.??"]
[WhiteTeam "C.E. Fontenay le Fleury Les Fous Furieux"]
[BlackTeam "C.E. de  Bois-Colombes"]

{Défense sicilienne, variante Alapine} 1. e4 c5 2. c3 d5 3. exd5 Qxd5 4. d4
Nf6 5. Nf3 Bg4 6. Be2 e6 7. O-O Nc6 8. Be3 cxd4 9. cxd4 Be7 10. Nc3 Qa5 11. a3
a6 12. h3 Bh5 13. b4 Qd8 14. Qb3 O-O 15. Rfd1 Qc7 16. d5 exd5 17. Nxd5 Nxd5 18.
Rxd5 Bg6 19. Bc5 Rfd8 20. Bxe7 Qxe7 21. Re1 Rxd5 22. Qxd5 Rd8 23. Qb3 Nd4 24.
Nxd4 Rxd4 25. Kf1 Qd8 26. Rd1 Rxd1+ 27. Bxd1 Qd2 28. Be2 h6 29. Qd1 Qc3 30. b5
axb5 31. Bxb5 Qxa3 32. Kg1 Qc5 33. Qd8+ Kh7 34. Qd7 b6 35. Ba6 Qc1+ 36. Kh2
Qf4+ 37. Kg1 Qe5 38. Bc4 Qe1+ 39. Kh2 Qxf2 40. Bb5 Qf4+ 41. Kg1 Be4 42. Qd4
Qc1+ 43. Bf1 Qc5 44. Qxc5 bxc5 45. Kf2 Bd5 46. Ke3 Kg6 47. Bd3+ Kg5 48. g3 Bg2
49. h4+ Kg4 50. Kf2 Bd5 51. Be2+ Kf5 52. Ke3 Ke5 53. Ba6 c4 54. Bb5 c3 55. Bd3
Bb3 56. g4 c2 57. Kd2 Kf4 58. Be2 g6 59. h5 g5 60. Kc1 Be6 61. Kxc2 Bxg4 62.
Kd2 Bxe2 63. Kxe2 Kg4 64. Kf2 Kxh5 65. Kg3 f5 66. Kh3 f4 67. Kh2 g4 68. Kg2 Kh4
69. Kh2 f3 70. Kg1 g3 71. Kh1 Kh3 72. Kg1 f2+ 0-1

[Event "22e tournoi d'automne"]
[Site "Montigny le Bretonneux"]
[Date "2024.10.24"]
[Round "6.13"]
[White "Alm, Gilles"]
[Black "Bouloc, Roger"]
[Result "1-0"]
[WhiteElo "1583"]
[BlackElo "1509"]
[Annotator "Rivier,Sylvain"]
[PlyCount "79"]
[EventDate "2024.??.??"]
[WhiteTeam "Mulhouse Philidor"]
[BlackTeam "La Dame Noire"]

{Début Larsen} 1. b3 e5 2. Bb2 Nc6 3. e3 a6 4. c4 f6 5. Qh5+ g6 6. Qd1 d6 7.
Nf3 Bf5 8. Nc3 Bg4 9. h3 Be6 10. d4 d5 11. cxd5 Bxd5 12. Nxd5 Qxd5 13. dxe5
Qa5+ 14. Ke2 Rd8 15. Qc2 Bb4 16. exf6 Qb5+ 17. Qc4 Qxc4+ 18. bxc4 Rd6 19. f7+
Kxf7 20. Bxh8 Nf6 21. Bxf6 Kxf6 22. g4 Ne5 23. Nxe5 Kxe5 24. Bg2 Rd2+ 25. Kf3
g5 26. Rhd1 Rc2 27. Rd5+ Kf6 28. Bf1 Bd6 29. Bd3 Rb2 30. a4 h6 31. a5 Be5 32.
Rb1 Rxb1 33. Bxb1 Ke6 34. Bf5+ Kf6 35. Ke4 Bc3 36. f4 Bb4 37. fxg5+ hxg5 38.
Bc8 b6 39. axb6 cxb6 40. Bxa6 1-0

[Event "22e tournoi d'automne"]
[Site "Montigny le Bretonneux"]
[Date "2024.10.24"]
[Round "6.14"]
[White "Neveu, Raphael"]
[Black "Imbert, Nicolas"]
[Result "1/2-1/2"]
[WhiteElo "1705"]
[BlackElo "1662"]
[Annotator "Rivier,Sylvain"]
[PlyCount "113"]
[EventDate "2024.??.??"]
[WhiteTeam "La Dame Noire"]
[BlackTeam "Saint-Quentin en Yvelines"]

{Défense vieille indienne, variante ukrainienne} 1. d4 d6 2. Nf3 Nf6 3. c4
Nbd7 4. Nc3 e5 5. dxe5 dxe5 6. Bg5 Bb4 7. Qc2 h6 8. Bh4 O-O 9. O-O-O Re8 10.
Nd5 Be7 11. Bg3 c6 12. Nxe7+ Qxe7 13. e3 Nh5 14. Be2 Nxg3 15. hxg3 e4 16. Nd4
Nf6 17. Rh4 a6 18. Nb3 Bf5 19. Nd4 Bg6 20. Rf4 Rad8 21. Rh1 c5 22. Nb3 b6 23.
Rd1 Rd6 24. Rxd6 Qxd6 25. Qd2 Rd8 26. Qxd6 Rxd6 27. Rh4 Kf8 28. Rh1 Ke7 29. Rd1
Nd7 30. Rxd6 Kxd6 31. Kd2 Ne5 32. f4 exf3 33. gxf3 f6 34. f4 Nc6 35. a3 Bf7 36.
Kc3 g5 37. Nd2 Bg6 38. Bd3 Ne7 39. Bxg6 Nxg6 40. b4 cxb4+ 41. axb4 Ne7 42. Ne4+
Ke6 43. c5 f5 44. Nf2 Nd5+ 45. Kd4 bxc5+ 46. bxc5 a5 47. g4 Nc7 48. Kc4 fxg4
49. Nxg4 gxf4 50. exf4 h5 51. Nf2 a4 52. Kb4 Na6+ 53. Kxa4 Nxc5+ 54. Kb4 Kf5
55. Kxc5 Kxf4 56. Kd4 h4 57. Kd3 1/2-1/2

[Event "22e tournoi d'automne"]
[Site "Montigny le Bretonneux"]
[Date "2024.10.24"]
[Round "6.15"]
[White "Poletto, Claude"]
[Black "Demeocq, Agathe"]
[Result "1-0"]
[WhiteElo "1646"]
[BlackElo "1299"]
[Annotator "Rivier,Sylvain"]
[PlyCount "49"]
[EventDate "2024.??.??"]
[WhiteTeam "Gambit Roi de Carrieres sur Seine"]
[BlackTeam "Geneston Sud Loire échecs"]

{Partie écossaise} 1. e4 e5 2. Nf3 Nc6 3. d4 exd4 4. Nxd4 Nxd4 5. Qxd4 Nf6 6.
Nc3 Bd6 7. Bg5 Be7 8. f4 h6 9. Bh4 O-O 10. O-O-O Re8 11. e5 Ng4 12. Bxe7 Rxe7
13. h3 d6 14. hxg4 a5 15. Be2 c6 16. Qxd6 Qxd6 17. Rxd6 Be6 18. Rhd1 Ree8 19.
Kb1 c5 20. f5 Bc8 21. Rd8 Rxd8 22. Rxd8+ Kh7 23. Bc4 Rb8 24. Bxf7 b5 25. Bg6#
1-0

[Event "22e tournoi d'automne"]
[Site "Montigny le Bretonneux"]
[Date "2024.10.24"]
[Round "6.16"]
[White "Montay, Jean-Paul"]
[Black "Ben Hamouda, Catherine"]
[Result "1-0"]
[WhiteElo "1556"]
[BlackElo "1469"]
[Annotator "Rivier,Sylvain"]
[PlyCount "57"]
[EventDate "2024.??.??"]
[WhiteTeam "La Dame Noire"]
[BlackTeam "C.E. Fontenay le Fleury "]

{Ouverture anglaise, variante sicilienne fermée inversée} 1. c4 e5 2. Nc3 Nf6
3. g3 Nc6 4. d3 g6 5. Nf3 d6 6. Bg5 Bg7 7. Bg2 O-O 8. O-O Be6 9. b3 Qe8 10.
Bxf6 Bxf6 11. Re1 e4 12. Nxe4 Bxa1 13. Qxa1 f5 14. Nf6+ Rxf6 15. Qxf6 Qd7 16.
Qc3 Re8 17. Ng5 Nd8 18. e4 c6 19. exf5 Bxf5 20. Re3 h6 21. Ne4 Bxe4 22. Bxe4
Kh7 23. Qe1 Re6 24. h4 d5 25. Bg2 d4 26. Re4 Nf7 27. Rxe6 Nd6 28. Re7+ Kg8 29.
Rxd7 1-0

[Event "22e tournoi d'automne"]
[Site "Montigny le Bretonneux"]
[Date "2024.10.25"]
[Round "7.1"]
[White "Couradin, Jean-Marie"]
[Black "Fruchard, Cyrille"]
[Result "0-1"]
[WhiteElo "1659"]
[BlackElo "2276"]
[Annotator "Rivier,Sylvain"]
[PlyCount "84"]
[EventDate "2024.??.??"]
[WhiteTeam "La Dame Noire"]
[BlackTeam "La Dame Noire"]

{Partie du pion dame} 1. d4 d5 2. Bf4 Nf6 3. e3 c5 4. Nf3 Nc6 5. c3 Qb6 6. Qc1
g6 7. h3 Bg7 8. Bd3 O-O 9. Nbd2 Nd7 10. Rb1 e5 11. dxe5 Ndxe5 12. Nxe5 Nxe5 13.
Bc2 Qa6 14. Bxe5 Bxe5 15. Nf3 Bc7 16. a3 Bd7 17. Qd2 Rad8 18. Bd3 Qf6 19. Be2
Bf5 20. Rd1 Be4 21. Qc1 Rfe8 22. O-O Qd6 23. g3 Qf6 24. Nd2 Bf5 25. Kg2 h5 26.
Nf3 Be4 27. h4 Re5 28. Rd2 Rf5 29. Qd1 Kg7 30. Rh1 Be5 31. Re1 b5 32. Rh1 a5
33. Re1 Rd6 34. Rf1 Rd7 35. Re1 Bb8 36. Rf1 a4 37. Re1 Rd8 38. Rf1 Bc7 39. Kg1
Rxf3 40. Bxf3 Bxf3 41. Qc1 Qf5 42. Kh2 Qg4 0-1

[Event "22e tournoi d'automne"]
[Site "Montigny le Bretonneux"]
[Date "2024.10.25"]
[Round "7.3"]
[White "Tan, Jin Chew Andrew"]
[Black "Gouanelle, Franck"]
[Result "0-1"]
[WhiteElo "1861"]
[BlackElo "2033"]
[Annotator "Rivier,Sylvain"]
[PlyCount "98"]
[EventDate "2024.??.??"]
[BlackTeam "C.E. de Rueil Malmaison"]

{Début Réti, attaque est-indienne} 1. e4 e6 2. d3 d5 3. Nd2 c5 4. Ngf3 Bd6 5.
g3 Nc6 6. Bg2 Nge7 7. O-O O-O 8. Re1 e5 9. exd5 Nxd5 10. Nc4 f6 11. Nfd2 Bc7
12. a4 Rb8 13. Ne4 b6 14. h4 Nde7 15. h5 Be6 16. b3 Qd7 17. h6 g6 18. Bb2 Nd4
19. Bxd4 cxd4 20. Qd2 Kh8 21. Rad1 Rbc8 22. c3 dxc3 23. Nxc3 Bg4 24. Rc1 Rcd8
25. Nb5 Bb8 26. Be4 Be6 27. Qb2 Ng8 28. Qd2 Bxc4 29. Rxc4 f5 30. Bc6 Qxd3 31.
Qb2 Qd2 32. Qa1 Qxh6 33. Rh4 Qg7 34. Kg2 Qf6 35. Bb7 Rf7 36. Ba8 a6 37. Nc3 e4
38. Bd5 Rfd7 39. Reh1 Be5 40. Bxg8 Kxg8 41. Qf1 Bxc3 42. Qc4+ Kh8 43. Qxa6 Qc6
44. R1h3 e3+ 45. Kh2 exf2 46. Qe2 f1=Q 47. Qxf1 Rd2+ 48. Kg1 Rd1 49. Rxh7+ Kg8
0-1

[Event "22e tournoi d'automne"]
[Site "Montigny le Bretonneux"]
[Date "2024.10.25"]
[Round "7.4"]
[White "Forissier, Nicolas"]
[Black "Divies, Renaud"]
[Result "1-0"]
[WhiteElo "1934"]
[BlackElo "1929"]
[Annotator "Rivier,Sylvain"]
[PlyCount "89"]
[EventDate "2024.??.??"]
[WhiteTeam "La Dame Noire"]
[BlackTeam "Club d'Echecs du Vesinet"]

{Ouverture du pion dame} 1. d4 c5 2. d5 g6 3. c4 Bg7 4. Nc3 f5 5. g3 Nf6 6. Bg2
O-O 7. Nh3 Na6 8. O-O Nc7 9. d6 Ne6 10. Nf4 Nd4 11. e3 Nc6 12. Rb1 e6 13. b3 b6
14. Nxe6 dxe6 15. Bxc6 Rb8 16. e4 Nd7 17. exf5 gxf5 18. Nb5 a6 19. Nc7 Ne5 20.
Bg2 Nf7 21. Re1 e5 22. Bb2 e4 23. Bxg7 Kxg7 24. Qd2 Nxd6 25. Nd5 Be6 26. Nf4
Bf7 27. Rbd1 Nb7 28. Qd7 Qxd7 29. Rxd7 Kf6 30. f3 Rfd8 31. Rxd8 Nxd8 32. fxe4
fxe4 33. Bxe4 h6 34. Bd5 b5 35. Bxf7 Kxf7 36. Re4 Rb7 37. Nd5 Ne6 38. Kf2 Rd7
39. Ke3 bxc4 40. bxc4 Rb7 41. h4 Rb2 42. Nc3 h5 43. Re5 Rc2 44. Kd3 Rg2 45. Ne2
1-0

[Event "22e tournoi d'automne"]
[Site "Montigny le Bretonneux"]
[Date "2024.10.25"]
[Round "7.5"]
[White "Kunne, Ronald"]
[Black "Benhadid, Jeilynn"]
[Result "1-0"]
[WhiteElo "1769"]
[BlackElo "1768"]
[Annotator "Rivier,Sylvain"]
[PlyCount "51"]
[EventDate "2024.??.??"]
[WhiteTeam "Club d'Echecs d'Orsay"]
[BlackTeam "C.E. de  Bois-Colombes"]

{Défense sicilienne, variante Rossolimo} 1. e4 c5 2. Nf3 Nc6 3. Bb5 g6 4. Bxc6
dxc6 5. h3 Bg7 6. d3 Nf6 7. Nc3 O-O 8. O-O Ne8 9. Be3 b6 10. a4 a5 11. Qd2 e5
12. Bh6 Qd6 13. Bxg7 Kxg7 14. Rae1 Nc7 15. Nh2 Ne6 16. Ne2 c4 17. Qc3 cxd3 18.
Rd1 Nc5 19. cxd3 Nxa4 20. Qc2 b5 21. d4 Bb7 22. Ng4 exd4 23. Rxd4 Qe7 24. Qd2
Bc8 25. Qh6+ Kh8 26. Nf6 1-0

[Event "22e tournoi d'automne"]
[Site "Montigny le Bretonneux"]
[Date "2024.10.25"]
[Round "7.6"]
[White "Salagnac, Sowan"]
[Black "Nguyen, Nguyen-Khoi"]
[Result "0-1"]
[WhiteElo "1299"]
[BlackElo "1858"]
[Annotator "Rivier,Sylvain"]
[PlyCount "52"]
[EventDate "2024.??.??"]
[WhiteTeam "Saint-Quentin en Yvelines"]
[BlackTeam "Club d'Echecs d'Orsay"]

{Défense sicilienne, variante Najdorf} 1. e4 c5 2. Nf3 d6 3. d4 cxd4 4. Nxd4
Nf6 5. Nc3 a6 6. Bc4 e6 7. Bg5 Be7 8. Bb3 Nbd7 9. O-O Nc5 10. Qe2 Nfxe4 11.
Nxe4 Bxg5 12. Nxg5 Qxg5 13. Rad1 O-O 14. Nf3 Qf4 15. g3 Qf6 16. Rxd6 Qxb2 17.
Qc4 Nxb3 18. Qxb3 Qf6 19. Rfd1 b5 20. Rb6 Rd8 21. Rd3 Ra7 22. Rb8 Rad7 23. Rxd7
Bxd7 24. Ne5 Rxb8 25. Nxd7 Qa1+ 26. Kg2 Rd8 0-1

[Event "22e tournoi d'automne"]
[Site "Montigny le Bretonneux"]
[Date "2024.10.25"]
[Round "7.7"]
[White "Delage, Charles"]
[Black "Plantet, Marc"]
[Result "1-0"]
[WhiteElo "1749"]
[BlackElo "1839"]
[Annotator "Rivier,Sylvain"]
[PlyCount "61"]
[EventDate "2024.??.??"]
[WhiteTeam "GIF-CC2-Echecs"]
[BlackTeam "La Dame Noire"]

{Défense sicilienne, variante Löwenthal} 1. e4 c5 2. Nf3 Nc6 3. d4 cxd4 4.
Nxd4 Qb6 5. Nb3 Nf6 6. Nc3 e6 7. Be3 Qc7 8. Be2 Bb4 9. f3 d5 10. exd5 Nxd5 11.
Bd2 Nxc3 12. bxc3 Bd6 13. Nd4 Bxh2 14. Bb5 Bg3+ 15. Kf1 Bd7 16. Bd3 h6 17. Nb5
Qb6 18. Qe2 O-O 19. Be3 Qa5 20. Bxh6 gxh6 21. Qe3 f5 22. Qxh6 Kf7 23. Qh7+ Ke8
24. Qg6+ Kd8 25. Qxg3 f4 26. Qg7 Re8 27. Nd6 Kc7 28. Nb5+ Kd8 29. Rh7 Re7 30.
Qf8+ Be8 31. Rd1 1-0

[Event "22e tournoi d'automne"]
[Site "Montigny le Bretonneux"]
[Date "2024.10.25"]
[Round "7.8"]
[White "Rajewski, Alexandre"]
[Black "Fayolle, Guy"]
[Result "1/2-1/2"]
[WhiteElo "1920"]
[BlackElo "1733"]
[Annotator "Rivier,Sylvain"]
[PlyCount "90"]
[EventDate "2024.??.??"]
[WhiteTeam "Villepreux Le Fou du Roi"]
[BlackTeam "Saint-Quentin en Yvelines"]

1. f4 d5 2. Nf3 g6 3. d4 Bg7 4. e3 Nf6 5. Bd3 c5 6. c3 c4 7. Bc2 Bg4 8. Nbd2
O-O 9. O-O Nc6 10. e4 dxe4 11. Nxe4 Nxe4 12. Bxe4 Rc8 13. Qe2 f5 14. Qxc4+ Kh8
15. Bxc6 Rxc6 16. Qe2 Qc7 17. Qe3 Bxf3 18. Qxf3 a5 19. a3 b5 20. Bd2 b4 21.
axb4 axb4 22. h3 bxc3 23. bxc3 Rc8 24. Rfe1 Bf6 25. Reb1 Kg7 26. g4 fxg4 27.
hxg4 Kh8 28. g5 Bg7 29. Kg2 h5 30. Re1 Rf8 31. Qe3 Qd7 32. Kh2 Rf7 33. Ra8+ Bf8
34. Raa1 Bg7 35. Qh3 Qd6 36. Re2 Rf5 37. Qe3 Bf8 38. Kg1 Qd7 39. Rc1 Rd5 40.
Qe4 Kh7 41. Rf1 Rf5 42. Kh2 Bg7 43. Rc1 Rc4 44. Re3 e5 45. fxe5 Rxe5 {suite
illisible} 1/2-1/2

[Event "22e tournoi d'automne"]
[Site "Montigny le Bretonneux"]
[Date "2024.10.25"]
[Round "7.9"]
[White "Duget, Long Jc"]
[Black "Alm, Gilles"]
[Result "1/2-1/2"]
[WhiteElo "1792"]
[BlackElo "1583"]
[Annotator "Rivier,Sylvain"]
[PlyCount "60"]
[EventDate "2024.??.??"]
[WhiteTeam "C.E. Fontenay le Fleury Les Fous Furieux"]
[BlackTeam "Mulhouse Philidor"]

{Défense sicilienne, gambit Morra} 1. e4 c5 2. Be2 Nc6 3. d3 e6 4. f4 d5 5.
Nf3 Nd4 6. O-O Nxe2+ 7. Qxe2 Be7 8. Kh1 dxe4 9. dxe4 Nf6 10. Nc3 O-O 11. a4 b6
12. Be3 Bb7 13. Bg1 Qc7 14. Ng5 h6 15. Nh3 a6 16. Bf2 Rad8 17. Bg3 Qc6 18. Rae1
Rd7 19. e5 Nh5 20. Ne4 Nxg3+ 21. hxg3 Qxa4 22. c3 Bxe4 23. Qxe4 Qxe4 24. Rxe4
Rd2 25. Rf2 Rfd8 26. Ree2 Rxe2 27. Rxe2 c4 28. Nf2 a5 29. Ne4 b5 30. Kh2 a4
1/2-1/2

[Event "22e tournoi d'automne"]
[Site "Montigny le Bretonneux"]
[Date "2024.10.25"]
[Round "7.10"]
[White "Benhadid, Jazzmine"]
[Black "Sacher, Arthur"]
[Result "1/2-1/2"]
[WhiteElo "1723"]
[BlackElo "1751"]
[Annotator "Rivier,Sylvain"]
[PlyCount "63"]
[EventDate "2024.??.??"]
[WhiteTeam "C.E. de  Bois-Colombes"]
[BlackTeam "Club d'Echecs du Vesinet"]

{Défense Caro-Kann, variante d'échange} 1. e4 c6 2. Nf3 d5 3. Nc3 Bg4 4. h3
Bxf3 5. Qxf3 e6 6. exd5 cxd5 7. Bb5+ Nc6 8. d4 a6 9. Bxc6+ bxc6 10. Ne2 Nf6 11.
O-O h6 12. Be3 Bd6 13. c4 O-O 14. b3 Ne4 15. Rac1 Qb8 16. Nc3 Nxc3 17. Rxc3 Rc8
18. Qg4 Kh7 19. Qh5 Qb7 20. cxd5 cxd5 21. Rfc1 Rxc3 22. Rxc3 Qb4 23. Rc1 Rc8
24. Qd1 Rxc1 25. Bxc1 a5 26. g3 Bb8 27. Qc2+ g6 28. Qc8 Bxg3 29. Qd7 Kg7 30.
Kg2 Bh4 31. Qc7 Bf6 32. Qf4 1/2-1/2

[Event "22e tournoi d'automne"]
[Site "Montigny le Bretonneux"]
[Date "2024.10.25"]
[Round "7.11"]
[White "Viot Le Henaff, Francois-Xavier"]
[Black "Neveu, Raphael"]
[Result "1-0"]
[WhiteElo "1605"]
[BlackElo "1705"]
[Annotator "Rivier,Sylvain"]
[PlyCount "67"]
[EventDate "2024.??.??"]
[WhiteTeam "Reims Echec et Mat"]
[BlackTeam "La Dame Noire"]

{Ouverture catalane, variante fermée} 1. Nf3 d5 2. d4 Nf6 3. c4 e6 4. g3 Bb4+
5. Nbd2 O-O 6. Bg2 c5 7. O-O Nc6 8. a3 Bxd2 9. Nxd2 cxd4 10. b4 dxc4 11. Nxc4
Qc7 12. Qb3 h6 13. Bb2 Rd8 14. Rac1 Rb8 15. e3 b5 16. Ne5 Qxe5 17. Bxc6 Bb7 18.
Bxd4 Qg5 19. Bxa7 Bxc6 20. Rxc6 Rb7 21. Bd4 h5 22. Rc5 Qg6 23. Bxf6 gxf6 24.
Qc2 f5 25. Rc8 Rb8 26. Rxd8+ Rxd8 27. Rd1 Ra8 28. Qd3 h4 29. Qxb5 Rxa3 30. Rd8+
Kh7 31. Qe5 Qg7 32. Qxg7+ Kxg7 33. gxh4 Rc3 34. b5 1-0

[Event "22e tournoi d'automne"]
[Site "Montigny le Bretonneux"]
[Date "2024.10.25"]
[Round "7.12"]
[White "Meddour, Ithri"]
[Black "Poletto, Claude"]
[Result "1/2-1/2"]
[WhiteElo "1531"]
[BlackElo "1646"]
[Annotator "Rivier,Sylvain"]
[PlyCount "95"]
[EventDate "2024.??.??"]
[WhiteTeam "Saint-Quentin en Yvelines"]
[BlackTeam "Gambit Roi de Carrieres sur Seine"]

{Défense Caro-Kann, variante des deux cavaliers} 1. e4 c6 2. Nf3 d5 3. Nc3
dxe4 4. Nxe4 Nf6 5. Qe2 Nxe4 6. Qxe4 Be6 7. Ne5 Nd7 8. Bc4 Bxc4 9. Nxc4 Nf6 10.
Qe2 e6 11. c3 c5 12. O-O Be7 13. a3 O-O 14. b4 Qc7 15. Rd1 Rac8 16. Ne5 Rfd8
17. Bb2 c4 18. Nf3 Nd5 19. g3 Bf6 20. Rac1 Ne7 21. Rc2 Rd3 22. Ne1 Rd5 23. f4
e5 24. Ng2 exf4 25. Nxf4 Re5 26. Qf2 b5 27. d4 cxd3 28. Rxd3 Re8 29. c4 Rf5 30.
Bxf6 Rxf6 31. cxb5 Qe5 32. Rc5 Qe4 33. Qd2 Ng6 34. Nxg6 hxg6 35. Rd8 Rxd8 36.
Qxd8+ Kh7 37. Qd2 Qf3 38. Rc1 Qxa3 39. Rf1 Rxf1+ 40. Kxf1 Qf3+ 41. Qf2 Qd1+ 42.
Kg2 Qd5+ 43. Qf3 Qd2+ 44. Kh3 Qh6+ 45. Kg2 Qd2+ 46. Qf2 Qd5+ 47. Qf3 Qd2+ 48.
Kh3 1/2-1/2

[Event "22e tournoi d'automne"]
[Site "Montigny le Bretonneux"]
[Date "2024.10.25"]
[Round "7.13"]
[White "Bouloc, Roger"]
[Black "Carroll, John"]
[Result "0-1"]
[WhiteElo "1509"]
[BlackElo "1754"]
[Annotator "Rivier,Sylvain"]
[PlyCount "102"]
[EventDate "2024.??.??"]
[WhiteTeam "La Dame Noire"]
[BlackTeam "Club du Canal St-Martin Paris"]

{Défense Caro-Kann, variante d'"échange} 1. e4 c6 2. d4 d5 3. exd5 cxd5 4.
Nf3 Bg4 5. h3 Bxf3 6. Qxf3 e6 7. Bb5+ Nc6 8. O-O Bd6 9. c3 Nge7 10. Bg5 h6 11.
Bh4 Qb6 12. a4 a6 13. Bxc6+ Nxc6 14. b4 O-O 15. Nd2 Rfc8 16. a5 Qc7 17. Bg3 Nd8
18. Rac1 b6 19. axb6 Qxb6 20. Bxd6 Qxd6 21. Qd3 Rc6 22. Nf3 Rac8 23. Ne5 R6c7
24. Rc2 f6 25. Nf3 e5 26. dxe5 fxe5 27. Nh4 e4 28. Qd2 Qe6 29. Rfc1 g5 30. Qd4
gxh4 31. Re1 Rc4 32. Qe3 Qg6 33. Rd1 Qc6 34. Qf4 Nf7 35. Qxh4 Rxc3 36. Rxc3
Qxc3 37. Rxd5 Qc1+ 38. Kh2 Qc7+ 39. Kg1 Qc1+ 40. Kh2 Qc7+ 41. Kg1 Re8 42. Ra5
Qb7 43. Qf4 Re7 44. Qf6 Rd7 45. Rf5 Rd1+ 46. Kh2 Qc7+ 47. g3 Rd6 48. Qh4 e3 49.
Qg4+ Kf8 50. Qe2 Qd7 51. Qxe3 Qxf5 0-1

[Event "22e tournoi d'automne"]
[Site "Montigny le Bretonneux"]
[Date "2024.10.25"]
[Round "7.14"]
[White "Imbert, Nicolas"]
[Black "Montay, Jean-Paul"]
[Result "1-0"]
[WhiteElo "1662"]
[BlackElo "1556"]
[Annotator "Rivier,Sylvain"]
[PlyCount "67"]
[EventDate "2024.??.??"]
[WhiteTeam "Saint-Quentin en Yvelines"]
[BlackTeam "La Dame Noire"]

{Partie du pion dame} 1. d4 Nf6 2. Nf3 e6 3. Bf4 d5 4. e3 b6 5. Nbd2 Be7 6. h3
O-O 7. Bd3 c5 8. c3 cxd4 9. exd4 Bd6 10. Ne5 Bxe5 11. dxe5 Nfd7 12. Qg4 f5 13.
exf6 Nxf6 14. Qh4 h6 15. Be5 Nbd7 16. Nf3 Ne4 17. Qg4 Ndf6 18. Bxf6 Qxf6 19.
Bxe4 dxe4 20. Qxe4 Rb8 21. Qe5 Bb7 22. Qxf6 Rxf6 23. Ke2 Bxf3+ 24. gxf3 Rd8 25.
Rad1 Rdf8 26. Rd3 e5 27. Rh2 g5 28. Rg2 e4 29. fxe4 Kg7 30. h4 Rf4 31. hxg5
Rxe4+ 32. Re3 Ref4 33. gxh6+ Kxh6 34. Rh3+ 1-0

[Event "22e tournoi d'automne"]
[Site "Montigny le Bretonneux"]
[Date "2024.10.25"]
[Round "7.15"]
[White "Ben Hamouda, Catherine"]
[Black "Warin, Anouk"]
[Result "0-1"]
[WhiteElo "1469"]
[BlackElo "1497"]
[Annotator "Rivier,Sylvain"]
[PlyCount "74"]
[EventDate "2024.??.??"]
[WhiteTeam "C.E. Fontenay le Fleury Les Fous Furieux"]
[BlackTeam "C.E. Fontenay le Fleury "]

{Défense française, variante d'échange} 1. e4 e6 2. d4 d5 3. exd5 exd5 4.
Bd3 Nf6 5. Ne2 Bd6 6. O-O O-O 7. h3 c6 8. Nd2 Qc7 9. Nf3 Be6 10. b3 Qd7 11. Ne5
Qc7 12. f4 Ne4 13. c4 b6 14. Bb2 Qc8 15. Bxe4 dxe4 16. d5 cxd5 17. cxd5 Bc5+
18. Kh2 Rd8 19. Nc3 Qb7 20. Qc2 e3 21. Rad1 f6 22. dxe6 Nc6 23. Nxc6 Qxc6 24.
f5 Bd6+ 25. g3 Bc5 26. Rxd8+ Rxd8 27. Rd1 Bd4 28. Qe2 a6 29. e7 Rd6 30. Rxd4
Rxd4 31. Nd1 Rd2 32. Nc3 Kf7 33. Ba3 Qxc3 34. Kg1 Rxe2 35. Kf1 Re1+ 36. Kg2
Qc6+ 37. Kh2 Qh1# 0-1

[Event "22e tournoi d'automne"]
[Site "Montigny le Bretonneux"]
[Date "2024.10.25"]
[Round "7.16"]
[White "Demeocq, Agathe"]
[Black "Carbonero, Jean Marc"]
[Result "1-0"]
[WhiteElo "1299"]
[BlackElo "1399"]
[Annotator "Rivier,Sylvain"]
[PlyCount "117"]
[EventDate "2024.??.??"]
[WhiteTeam "Geneston Sud Loire échecs"]
[BlackTeam "La Dame Noire"]

{Partie italienne} 1. e4 e5 2. Nf3 Nc6 3. Bc4 Be7 4. h3 h6 5. d3 Nf6 6. Nc3 a6
7. Be3 O-O 8. O-O Na5 9. Bb3 Nxb3 10. axb3 b5 11. Re1 d6 12. b4 Bb7 13. Bd2 c6
14. d4 Qb6 15. dxe5 dxe5 16. Nxe5 Bxb4 17. Be3 Qd8 18. Na2 Bxe1 19. Qxe1 Nxe4
20. Bf4 Nf6 21. Rd1 Nd5 22. Be3 Qf6 23. Bc5 Rfe8 24. Bd4 Re6 25. Nc1 Rc8 26.
Nb3 Rce8 27. Nc5 R6e7 28. Ne4 Rxe5 29. Nxf6+ gxf6 30. Qd2 Re2 31. Qxh6 Re1+ 32.
Rxe1 Rxe1+ 33. Kh2 Re6 34. b3 Bc8 35. Bc5 Ne7 36. Bd4 Ng6 37. g3 Rd6 38. Bc5
Rd8 39. f4 Bf5 40. Bb6 Rd2+ 41. Kg1 Rxc2 42. g4 Rc1+ 43. Kf2 Rc2+ 44. Kf1 Rc1+
45. Ke2 Rc2+ 46. Kd1 Be4 47. f5 Rb2 48. fxg6 Bxg6 49. h4 Rxb3 50. h5 Rd3+ 51.
Ke2 Bh7 52. Qxf6 b4 53. Qxc6 b3 54. Qf6 Rg3 55. g5 Rg2+ 56. Kf1 Rh2 57. Bd4
Rh1+ 58. Kg2 Rd1 59. Qg7# 1-0